000 01126cam a2200241 4500
001 ABS64693
008 011026n2001 000 0 eng u
035 _a(Sirsi) u115346
100 _aWebber, G
245 _aPossession claims: lease renewal (4)
260 _c2001
490 _aSolicitors' Journal
_v145(37) 5 October 2001, 902-903(2)
520 _aThe last in a series of four articles on the new possession and lease renewal procedures under the Civil Procedure Rules (CPR) examines how Part 56 has changed applications for new leases of business tenancies under the Landlord and Tenant Act 1954 Part II. Explains in detail how claimants will need to use the Part 8 procedure, subject to certain modifications as outined in Part 56 and PD 56. (For Parts 1-3 see ABS64566, ABS64567, ABS64568)
590 _aABS
650 _aCIVIL PROCEDURE RULES PART 56
650 _aCIVIL PROCEDURE RULES
650 _aLANDLORD AND TENANT ACT 1954 PART II
650 _aPOSSESSION CLAIMS
650 _aLEASE RENEWALS
650 _aBUSINESS TENANCIES
690 _aLANDLORD AND TENANT-BUSINESS TENANCIES
942 _n0
999 _c68698
_d68698